Detalles MARC
| 000 -LÍDER |
| Campo fijo de descripción fija |
01462nam a2200337 i 4500 |
| 001 - NÚMERO DE CONTROL |
| Campo de control |
768714001 |
| 003 - IDENTIFICADOR DEL NÚMERO DE CONTROL |
| Campo de control |
CO-MdFUSB |
| 005 - FECHA Y HORA DE LA ULTIMA TRANSACCIÓN |
| control field |
20220323125143.0 |
| 007 - CAMPO FIJO DE DESCRIPCIÓN FIJA--INFORMACIÓN GENERAL |
| Campo fijo de descripción fija |
ta |
| 008 - ELEMENTOS DE LONGITUD FIJA -- INFORMACIÓN GENERAL |
| Campo fijo de descripción fija -- Información general |
201005t2007 ck |||| |||| 00| 0 spa d |
| 020 ## - NÚMERO INTERNACIONAL NORMALIZADO PARA LIBROS |
| Número Internacional Normalizado del libro |
9780311462810 |
| 040 ## - FUENTE DE CATALOGACIÓN |
| Agencia de catalogación original |
CO-MdFUSB |
| Idioma de catalogación |
spa |
| Agencia que realiza la transcripción |
CO-MdFUSB |
| Agencia que realiza la modificación |
CO-MdFUSBC |
| Convenciones de la descripción |
rda |
| 041 ## - CÓDIGO DE IDIOMA |
| Código de idioma para texto/pista de sonido o título separado |
spa |
| 082 ## - NÚMERO DE CLASIFICACIÓN DECIMAL DEWEY |
| Número de la edición del Dewey |
23 |
| Número de clasificación |
253.5 |
| Clave de autor-Numero de item |
W949 |
| 100 ## - ASIENTO PRINCIPAL--NOMBRE PERSONAL |
| Nombre personal |
Wright, H. Norman |
| Término relacionador |
autor |
| 245 ## - TÍTULO |
| Título del Material |
Haz la paz con tu pasado. |
| Mención de responsabilidad, etc. |
/ H. Norman Wright. |
| 264 #1 - PRODUCCIÓN, PUBLICACIÓN, DISTRIBUCIÓN, MANUFACTURA, Y COPYRIGHT |
| Lugar de producción, publicación, distribución, manufactura |
Colombia : |
| Nombre del productor, publicador, distribuidor |
Mundo Hispano, |
| Fecha de producción, publicación, distribución, manufactura, o copyright |
[2007] |
| 264 #4 - PRODUCCIÓN, PUBLICACIÓN, DISTRIBUCIÓN, MANUFACTURA, Y COPYRIGHT |
| Fecha de producción, publicación, distribución, manufactura, o copyright |
© 2007 |
| 300 ## - DESCRIPCIÓN FÍSICA |
| Extensión |
240 páginas |
| Dimensiones |
; 18 cm |
| 336 ## - TIPO DE CONTENIDO |
| Fuente |
rdacontent |
| Término de tipo de contenido |
sonidos |
| Código de tipo de contenido |
txt |
| 337 ## - TIPO DE MEDIO |
| Fuente |
rdamedia |
| Nombre del tipo de medio |
sin mediación |
| Código del tipo de medio |
n |
| 338 ## - TIPO DE SOPORTE |
| Fuente |
rdacarrier |
| Nombre del tipo de soporte |
volumen |
| Código Tipo de soporte |
nc |
| 500 ## - NOTA GENERAL |
| Nota General |
Material rayado |
| 505 ## - NOTA DE CONTENIDO |
| Nota de contenido con formato preestablecido |
Exceso de equipaje: ¿Dónde lo puedo poner? -- ¿Cómo recolectó todo ese equipaje? -- "Yo ,cambiar? ¡Imposible!. ¿O en verdad es posible? -- Renunciando a tus resentimientos. -- Haciendo frente al rechazo. -- Apartándose del perfeccionismo. -- Resistiendo el exceso de coacción. -- Venciendo el exceso de indulgencia. -- Sanando la parálisis emocional. -- Tratando sus heridas. |
| 520 ## - NOTA DE RESUMEN, ETC. |
| Nota de sumario, etc. |
Este libro nos muestra, desde una perspectiva cristiana, como descubrir las heridas del pasado, confrontar las cicatrices emocionales presentes y resolver los sentimientos negativos |
| 563 ## - NOTA DE ENCUADERNACIÓN |
| Nota de encuadernación |
Rústico |
| 650 #0 - ASIENTO SECUNDARIO DE MATERIA - TERMINO TEMÁTICO |
| 9 (RLIN) |
19 |
| Término temático o nombre geográfico como elemento de entrada |
Vida cristiana |
| 650 #0 - ASIENTO SECUNDARIO DE MATERIA - TERMINO TEMÁTICO |
| 9 (RLIN) |
228 |
| Término temático o nombre geográfico como elemento de entrada |
Consejería pastoral |
| 942 ## - TIPO DE MATERIAL (KOHA) |
| Tipo de Item KOHA |
Libros General |
| 945 ## - INFORMACIÓN LOCAL DEL REGISTRO |
| Catalogador |
JTF-925 |